000 00535nam a2200181 a 4500
005 20140310183434.0
008 080116s19uu xx 00 eng d
020 _a0471769207
050 _aHG 4521
_b.K567 2006
100 _aKleintop, Jeffrey
245 _aMarket evolution :
_bhow to profit in today's changing financial markets /
_cJeffrey Kleintop
260 _aU.S.A :
_bJohn Wiley & Sons,
_c2006.
300 _a214 p. :
_bill. ;
_c24 cm.
521 _aBSBA
650 _aInvestments.
942 _cBK
_2lcc
_kFOR
999 _c22809
_d22809